HIV/AIDS health cares and human rights approach (Record no. 187668)

MARC details
000 -LEADER
fixed length control field 00432nam a2200157Ia 4500
005 - DATE AND TIME OF LATEST TRANSACTION
control field 20250417115646.0
008 - FIXED-LENGTH DATA ELEMENTS--GENERAL INFORMATION
fixed length control field 231217s9999 xx 000 0 und d
020 ## - INTERNATIONAL STANDARD BOOK NUMBER
International Standard Book Number 9788131413555
082 ## - DEWEY DECIMAL CLASSIFICATION NUMBER
Classification number 614.599392 SUD;1 R
100 ## - MAIN ENTRY--PERSONAL NAME
Personal name Sudarshan, N ed.
245 #0 - TITLE STATEMENT
Title HIV/AIDS health cares and human rights approach
260 ## - PUBLICATION, DISTRIBUTION, ETC. (IMPRINT)
Date of publication, distribution, etc. 2007
Name of publisher, distributor, etc. Icfai
Place of publication, distribution, etc. Hyderabad
300 ## - PHYSICAL DESCRIPTION
Extent viii, 206
650 ## - SUBJECT ADDED ENTRY--TOPICAL TERM
Topical term or geographic name as entry element HIV/AIDS,health,cares,rights
942 ## - ADDED ENTRY ELEMENTS (KOHA)
Koha item type Books
Holdings
Date last seen Total Checkouts Full call number Accession number Old discount Uniform Resource Identifier Cost, replacement price Price effective from Category Public note Lost status Damaged status Department Withdrawn status bill no. bill date Permanent Location Current Location Shelving location Entry date Vendor Cost, normal purchase price Grants Currency symbol Conversion rate Discount Discount type
26/01/2024   614.599392 SUD;1 R 64182   digital/contents/66637.pdf 38.00 26/01/2024 Books 64182     Central Library   1993 25/02/2014 Central Library Central Library Central Library 04/08/2010 ICFAI Press 38.00 MBA RS 1   Rupees
26/01/2024   614.599392 SUD;2 R1 64183   digital/contents/66637.pdf 38.00 26/01/2024 Books 64183     Central Library   1993 25/02/2014 Central Library Central Library Central Library 04/08/2010 ICFAI Press 38.00 MBA RS 1   Rupees
26/01/2024   614.599392 SUD;3 66637   digital/contents/66637.pdf 38.00 26/01/2024 Books 66637     Central Library   1993 28/08/2014 Central Library Central Library Central Library 28/10/2010 ICFAI Press 38.00 MBA RS 1   Rupees
26/01/2024   614.599392 SUD;4 66638   digital/contents/66637.pdf 38.00 26/01/2024 Books 66638     Central Library   1993 28/08/2014 Central Library Central Library Central Library 28/10/2010 ICFAI Press 38.00 MBA RS 1   Rupees

© For any Suggestions or Query, please contact the library staff @ librarian@pes.edu or Phone: +9180 2672 1983/ 2108.